000 00554pam a2200217 a 4500
020 _c
040 _aMedical College Lib
041 _aENG
_hENG
082 _a616.1207543
_bDOP
100 _aNanda , N. C. .
245 _aDoppler Echocardiography /
_c
_hTextual Documents
250 _a2nd /
_b.
260 _a :
_bLea & Febiger ,
_c19993.
300 _a1498 ;
_c
365 _a3850=00
653 _aMedical Science
_aCardiology
700 _aDoppler, .
930 _a4739
999 _c4738
_d4738